Labour and devolution in Wales /

Bibliographic Details
Main Author: Evans, John Gilbert (Author)
Format: Book
Language:English
Published: Talybont, Ceredigion : Y Lolfa, 2019.
Subjects:

MARC

Tag First Indicator Second Indicator Subfields
LEADER 00000cam a2200000 i 4500
001 in00004166113
005 20200729073339.0
008 190923s2019 wlk 000 0 eng
010 |a  2019458328 
015 |a GBB9G4591  |2 bnb 
016 7 |a 019558995  |2 Uk 
020 |a 9781784618032 
020 |a 1784618039 
024 8 |a 40029908789 
035 |a (OCoLC)on1113888152 
035 |a (OCoLC)1113888152 
040 |a DLC  |b eng  |e rda  |c DLC  |d UKMGB  |d OCLCF  |d YDX  |d UtOrBLW 
042 |a pcc 
043 |a e-uk-wl 
049 |a TXAM 
050 0 0 |a JN1159.A8  |b W354 2019 
082 0 4 |a 324.242907  |2 23 
100 1 |a Evans, John Gilbert,  |e author.  |0 http://id.loc.gov/authorities/names/n85262226 
245 1 0 |a Labour and devolution in Wales /  |c John gilbert Evans. 
264 1 |a Talybont, Ceredigion :  |b Y Lolfa,  |c 2019. 
300 |a 96 pages ;  |c 20 cm 
336 |a text  |b txt  |2 rdacontent 
337 |a unmediated  |b n  |2 rdamedia 
338 |a volume  |b nc  |2 rdacarrier 
610 2 0 |a Wales Labour Party  |x History  |y 20th century. 
610 2 7 |a Wales Labour Party.  |2 fast  |0 (OCoLC)fst01795585 
650 0 |a Decentralization in government  |z Wales. 
651 0 |a Wales  |x Politics and government  |y 20th century.  |0 http://id.loc.gov/authorities/subjects/sh85144890 
650 7 |a Decentralization in government.  |2 fast  |0 (OCoLC)fst00888948 
650 7 |a Politics and government.  |2 fast  |0 (OCoLC)fst01919741 
651 7 |a Wales.  |2 fast  |0 (OCoLC)fst01207649 
648 7 |a 1900-1999  |2 fast 
655 7 |a History.  |2 fast  |0 (OCoLC)fst01411628 
945 |b 462971 
947 |a A14850790404 
994 |a 92  |b TXA 
999 f f |s 30224262-1ba4-32a4-b952-647961113742  |i a8b16677-5137-3d2a-9b8a-e1b2b509ef0f  |t 0 
952 f f |p normal  |a Texas A&M University  |b College Station  |c Sterling C. Evans Library  |d Evans: Library Stacks  |t 0  |e JN1159.A8 W354 2019  |h Library of Congress classification  |i unmediated -- volume  |m A14850790404 
998 f f |a JN1159.A8 W354 2019  |t 0  |l Evans: Library Stacks